| 000 | 01047cas a2200289 a 4500 | ||
|---|---|---|---|
| 001 | 12621156 | ||
| 005 | 20100409062854.0 | ||
| 008 | 011214c2007stkqr p| 00| 0 eng d | ||
| 010 | _a 2001248007 | ||
| 022 | _a1469-347X | ||
| 035 | _a(OCoLC)ocm45695815 | ||
| 040 |
_aNN _cNN _dDLC _dOCoLC |
||
| 042 | _apcc | ||
| 050 | 0 | 0 |
_aHF5415.2 _b.M35845 |
| 082 | 0 | 4 |
_221 _a658.8005 _bMAR |
| 130 | 0 |
_aMarketing review (Helensburgh, Scotland) _914639 |
|
| 245 | 0 | 4 | _aThe Marketing Review / |
| 260 |
_aHelensburgh, Scotland : _bWestburn Publishers, _cc2007 |
||
| 300 |
_av, 311- 400p. : _bill.; _c25 cm. |
||
| 310 | _aQuarterly | ||
| 362 | 0 | _avol. 7, issue 4, (Winter 2007)- | |
| 650 | 0 |
_aMarketing research _vPeriodicals. _914640 |
|
| 942 |
_2ddc _cBB |
||
| 999 |
_c14066 _d14066 |
||